| 000 | 01393nam0a22003371 4500 | ||
|---|---|---|---|
| 001 | rc\4983105 | ||
| 005 | 20260406074633.0 | ||
| 021 |
_aRU _b[65-51363] |
||
| 035 | _a(NLR Aleph) 008983141 | ||
| 090 |
_a9198768 _c9198768 |
||
| 100 | _a20130430d1965 |||y0rusy50 ca | ||
| 101 | 0 |
_arus _aeng |
|
| 102 | _aRU | ||
| 105 | _ay e ||||| | ||
| 200 | 1 |
_aРусско-английский словарь _eОколо 50 000 слов _fСост. проф. О.С. Ахманова, З.С. Выгодская, Т.П. Горбунова [и др.] _gПод общ. руковод. проф. А.И. Смирницкого _gПод ред. проф. О.С. Ахмановой |
|
| 205 | _a7-е изд. | ||
| 210 |
_aМосква _cСов. энциклопедия _d1965 |
||
| 215 |
_a766 с. _d27 |
||
| 320 | _aБиблиогр.: с. 16 | ||
| 606 |
_aАнглийский язык _jСловари _2psbo |
||
| 608 |
_aРусско-английские словари _2psbo |
||
| 702 | 1 |
_aВыгодская _bЗ.С. _4220 |
|
| 702 | 1 |
_aГорбунова _bТ.П. _4220 |
|
| 702 | 1 |
_aСмирницкий _bА.И. _4570 |
|
| 702 | 1 |
_4340 _4220 _7ca _8rus _aАхманова _bО. С. _f1908-1991 _gОльга Сергеевна _918166 _3RU\NLR\AUTH\7735168 |
|
| 801 | 0 |
_aRU _bNLR _gpsbo |
|
| 801 | 1 |
_aRU _bELAR _2rusmarc |
|
| 852 |
_aNLR _j186рус.-анг./Р89 |
||
| 942 | _cBOOK | ||
| 980 | _aNB | ||